000 00912nam a2200205Ia 4500
001 10259
003 GE_BSU
008 181216s||||||||xx |||||||||||||| ||und||
040 _cGE_BSU
080 _a821.353.1–32
100 _aრუსიძე,კაპიტონ
245 _aსარფს გაღმა:სამი მოთხრობა თანამედროვე თურქეთის ცხოვრებიდან
245 _cრედ.შ.ქურიძე.მხატვ.გ.მოისწრაფიშვილი
260 _aბათუმი
260 _bაჭარის ასსრ სახელგამი
260 _c1951
300 _a79გვ.17სმ.
653 _aსარფს გაღმა:სამი მოთხრობა თანამედროვე თურქეთის ცხოვრებიდან
942 _cBK
999 _c43528
_d43528